| 000 | 01019nam a22003137a 4500 | ||
|---|---|---|---|
| 001 | 000044512 | ||
| 003 | CHAP | ||
| 005 | 20220817042410.0 | ||
| 008 | 971013s1982 r 00010 d | ||
| 010 | _a43453 | ||
| 011 | _a44425 | ||
| 035 | _a48563 | ||
| 040 | _cCHAP | ||
| 082 | 0 | 4 |
_a631.4 _bM44f |
| 110 | 2 | _aMéxico. Subdirección de Agrología | |
| 245 | 1 | 0 | _aEstudio agrológico especial de salinidad y drenaje agrícola del Distrito de Riego No. 86 de Abasolo, Tamps. |
| 260 |
_aCd. Victoria, Tamps. : _bSubdirección de Agrología, _c1982. |
||
| 300 |
_a102 p. : _b; apénd. : ilus. |
||
| 590 |
_aBATCH-UPD _b10 _c20130110 _lUCH01 _h1855 |
||
| 590 |
_aCONVERSION _b10 _c20130109 _lUCH01 _h1324 |
||
| 590 |
_aE5995AHE _b05 _c20150520 _lUCH01 _h0852 |
||
| 650 | 1 | 4 |
_aDistrito de Riego Abasolo, Tamps. _932834 |
| 650 | 1 | 4 |
_aSuelos salinos. _9110558 |
| 650 | 1 | 4 |
_aSuelos _xTamaulipas. _9110490 |
| 901 | _aBK | ||
| 942 | _cLIBRO | ||
| 942 | _n0 | ||
| 949 |
_a631.4 M44f _bBC _cESP _d-109890 _eESP _h63273 _i48563 _mD _si |
||
| 999 |
_c43453 _d43453 |
||